000 00309 a2200145 4500
001 165468
020 _a
040 _cMagnum
100 _aAnderson, Bob
240 1 0 _aAlongue-se no trabalho
_lpor
245 1 0 _aAlongue-se no trabalho
362 0 _a1899
697 _aCIENCIAS MEDICAS SAUDE
942 _cBK
999 _c165468
_d165468